| 000 | 00632nam a22001937a 4500 | ||
|---|---|---|---|
| 003 | BD-DhJNU | ||
| 005 | 20250522055809.0 | ||
| 008 | 250522b |||||||| |||| 00| 0 eng d | ||
| 040 |
_aBD-DhJNU _bENG _cBD-DhJNU _dBD-DhJNU |
||
| 082 |
_223 _a519.502462 RAS |
||
| 100 | _a Rahman, Md. Siddiqur | ||
| 245 |
_aStatistics and probability : _ban introductory analysis / _cMd. Siddiqur Rahman |
||
| 260 |
_aDhaka : _bKazi Prokashoni, _c2020. |
||
| 300 |
_axiii, 972p. : _bill. ; _c26 cm. |
||
| 504 | _aIncludes bibliographical references and index | ||
| 650 | _aMathematical Statistics | ||
| 650 | _aProbabilities | ||
| 942 |
_2ddc _cBK _n0 |
||
| 999 |
_c1737 _d1737 |
||